000 00375 a2200169 4500
001 187019
020 _a85-262-6008-1
040 _cMagnum
100 _aVicentino, Cláudio
240 1 0 _aHistória para o ensino médio
_lpor
245 1 0 _aHistória para o ensino médio
300 _a616
362 0 _a2006
440 1 _aScipione
697 _aHISTÓRIA
942 _cBK
999 _c187019
_d187019